<?xml version="1.0" encoding="UTF-8"?>
<record
    xmlns:xsi="http://www.w3.org/2001/XMLSchema-instance"
    xsi:schemaLocation="http://www.loc.gov/MARC21/slim http://www.loc.gov/standards/marcxml/schema/MARC21slim.xsd"
    xmlns="http://www.loc.gov/MARC21/slim">

  <leader>01774nam a2200181 i 4500</leader>
  <controlfield tag="001">170708</controlfield>
  <controlfield tag="003">ES-MaACL</controlfield>
  <controlfield tag="005">20230906214435.0</controlfield>
  <controlfield tag="008">090331s18631867sp           |||| | spa d</controlfield>
  <datafield tag="080" ind1=" " ind2=" ">
    <subfield code="a">94(460)</subfield>
  </datafield>
  <datafield tag="110" ind1="2" ind2=" ">
    <subfield code="a">Real Academia de la Historia (Espa&#xF1;a)</subfield>
    <subfield code="9">6309</subfield>
  </datafield>
  <datafield tag="245" ind1="1" ind2="0">
    <subfield code="a">Discursos le&#xED;dos en las sesiones p&#xFA;blicas que para dar posesi&#xF3;n de plazas de n&#xFA;mero ha celebrado la Real Academia de la Historia, </subfield>
    <subfield code="f">1863-1867.</subfield>
  </datafield>
  <datafield tag="260" ind1=" " ind2=" ">
    <subfield code="a">Madrid : </subfield>
    <subfield code="b">[s.n.], </subfield>
    <subfield code="c">1863 (</subfield>
    <subfield code="f">Imp. de Jos&#xE9; Rodr&#xED;guez)</subfield>
  </datafield>
  <datafield tag="300" ind1=" " ind2=" ">
    <subfield code="a">1 v. ; </subfield>
    <subfield code="c">27 cm.</subfield>
  </datafield>
  <datafield tag="505" ind1="0" ind2=" ">
    <subfield code="a">Periplos ib&#xE9;ricos / Jos&#xE9; Oliver y Hurtado (55 p.). Contestaci&#xF3;n / Carlos Ram&#xF3;n Fort (p. 57-71). Rese&#xF1;a hist&#xF3;rico-cr&#xED;tica de los historiadores ar&#xE1;bigo espa&#xF1;oles / Jos&#xE9; Moreno Nieto (42 p., 32 p. de ap&#xE9;ndice). Contestaci&#xF3;n / Emilio Lafuente Alc&#xE1;ntara (19 p.). Cortes / Antonio Alcal&#xE1; Galiano (25 p.). Contestaci&#xF3;n / Antonio Benavides (p. 28-49). Sobre los caracteres de la Iglesia espa&#xF1;ola / Fernando de Castro y Pajares (99 p.). Contestaci&#xF3;n / Manuel Colmeiro (p. 102-119). Reino de Pamplona / Manuel Oliver y Hurtado (126 p.). Historia del gran imperio colonial que por espacio de tres siglos posey&#xF3; Espa&#xF1;a al otro lado del Atl&#xE1;ntico / Jacobo de la Pezuela (52 p.). Contestaci&#xF3;n / Vicente de la Fuente (p.53-67). Noticias descriptivas de pueblos de Castilla, recogidas en la segunda mitad del siglo XVI / Ferm&#xED;n Caballero (64 p.). Contestaci&#xF3;n / Cayetano Rosell (p. 65-84). El Ministerio Fiscal / Jos&#xE9; Mar&#xED;a Huet (82 p.). Contestaci&#xF3;n / Antonio Benavides (p. 83-100). La idea del Imperio en el mundo antiguo y su influencia ulterior en la Pen&#xED;nsula Ib&#xE9;rica / Francisco Fern&#xE1;ndez Gonz&#xE1;lez (55 p.).</subfield>
  </datafield>
  <datafield tag="651" ind1=" " ind2="4">
    <subfield code="a">Espa&#xF1;a-</subfield>
    <subfield code="x">Historia.</subfield>
    <subfield code="9">8209</subfield>
  </datafield>
  <datafield tag="852" ind1=" " ind2=" ">
    <subfield code="a">ES-MaACL</subfield>
    <subfield code="j">K-118   </subfield>
    <subfield code="z">- Enc. pasta espa&#xF1;ola</subfield>
  </datafield>
  <datafield tag="999" ind1=" " ind2=" ">
    <subfield code="c">170708</subfield>
    <subfield code="d">170708</subfield>
  </datafield>
  <datafield tag="952" ind1=" " ind2=" ">
    <subfield code="0">0</subfield>
    <subfield code="1">0</subfield>
    <subfield code="4">0</subfield>
    <subfield code="7">0</subfield>
    <subfield code="8">LIBXIX</subfield>
    <subfield code="a">ATENEOM</subfield>
    <subfield code="b">ATENEOM</subfield>
    <subfield code="c">ADM</subfield>
    <subfield code="d">2009-03-31</subfield>
    <subfield code="l">0</subfield>
    <subfield code="o">K-118</subfield>
    <subfield code="p">1179150</subfield>
    <subfield code="r">2023-02-23 00:00:00</subfield>
    <subfield code="w">2023-02-23</subfield>
    <subfield code="y">MONANT</subfield>
  </datafield>
</record>
